5HLuxD.jpg

KING HENRY VIII SENIOR AND PRIMARY SCHOOL LIBRARY OPAC

A festival of ghosts (Record no. 5846)

000 -LEADER
fixed length control field 00738nam a22001937a 4500
005 - DATE AND TIME OF LATEST TRANSACTION
control field 20251118133257.0
008 - FIXED-LENGTH DATA ELEMENTS--GENERAL INFORMATION
fixed length control field 251118b ||||| |||| 00| 0 eng d
020 ## - INTERNATIONAL STANDARD BOOK NUMBER
International Standard Book Number 9781481469197
040 ## - CATALOGING SOURCE
Transcribing agency KH8
082 ## - DEWEY DECIMAL CLASSIFICATION NUMBER
Classification number 813.6 ALE
100 ## - MAIN ENTRY--PERSONAL NAME
Personal name Alexander,William
Relator term Author
245 ## - TITLE STATEMENT
Title A festival of ghosts
260 ## - PUBLICATION, DISTRIBUTION, ETC.
Place of publication, distribution, etc. 1230 Avenues of the Americas,New York,New York 10020
Name of publisher, distributor, etc. Simon&Schuster Children's Publishing Division
Date of publication, distribution, etc. ©2018
300 ## - PHYSICAL DESCRIPTION
Extent 249 pages
Other physical details illustration
Dimensions 12 cm x 16 cm
520 ## - SUMMARY, ETC.
Summary, etc. When Jasper and Rosa are assigned to appease the many ghosts haunting the school in Ingot, they meet powerful new spirit friends and a surprising enemy.
650 ## - SUBJECT ADDED ENTRY--TOPICAL TERM
Source of heading or term Juvenile Fiction
655 ## - INDEX TERM--GENRE/FORM
Source of term Juvenile Fiction
Genre/form data or focus term Horror
942 ## - ADDED ENTRY ELEMENTS (KOHA)
Source of classification or shelving scheme
Koha item type Books - Fiction
Holdings
Withdrawn status Lost status Source of classification or shelving scheme Damaged status Not for loan Collection code Permanent Location Current Location Shelving location Date acquired Total Checkouts Full call number Barcode Date last seen Date last checked out Price effective from Koha item type Public note
          Fiction KH8 Primary School Library KH8 Primary School Library Fiction 2025-11-18 1 813.6 ALE KHPL000007392 2026-02-26 2026-02-12 2025-11-18 Books - Fiction PRIMARY LIBRARY

Powered By KH8 IT Dept